Living With Computers
| Main Author: | |
|---|---|
| Format: | Section = Libro |
| Language: | Undetermined Spanish |
| Published: |
United States
Harcourt Brace
1986
|
| Subjects: |
| LEADER | 00577nam a2200205Ia 4500 | ||
|---|---|---|---|
| 008 | 240830s9999 xx 000 0 und d | ||
| 020 | |a 0-15-551133-5 | ||
| 040 | |a CEDOC FIQ-RUSB / 511 M113 | ||
| 041 | |a spa | ||
| 082 | |a 511 M113 | ||
| 100 | 1 | |a Mckeown, Patrick G. | |
| 245 | 1 | 0 | |a Living With Computers |
| 260 | |a United States |b Harcourt Brace |c 1986 | ||
| 300 | |a 634 p.: il. | ||
| 650 | 7 | |a ANÁLISIS NÚMERICO | |
| 650 | 7 | |b INTRODUCCIÓN AL HARDWARE DE COMPUTADORA | |
| 650 | 7 | |c INTRODUCCIÓN A LOS SISTEMAS DE COMPUTADORA | |
| 942 | |c BK |2 ddc | ||
| 991 | |a TEXTO | ||
| 999 | |c 13141 | ||